Online Catalogue and eLibrary

OlakkuwaW.s. Peris (Record no. 6029)

MARC details
000 -LEADER
fixed length control field 00368nam a22001577a 4500
005 - DATE AND TIME OF LATEST TRANSACTION
control field 20250430060221.0
008 - FIXED-LENGTH DATA ELEMENTS--GENERAL INFORMATION
fixed length control field 250430b |||||||| |||| 00| 0 eng d
020 ## - INTERNATIONAL STANDARD BOOK NUMBER
ISBN 9789559881919
082 ## - DDC Classification
DDC Edition Number 22
Class No. 891
100 ## - MAIN ENTRY--PERSONAL NAME
Personal name Peris. W.S
245 ## - TITLE STATEMENT
Title OlakkuwaW.s. Peris
260 ## - PUBLICATION, DISTRIBUTION, ETC.
Place of publication, distribution, etc. Sri Lanaka
Name of publisher, distributor, etc. W.s Peris
Date of publication, distribution, etc. 2009
300 ## - PHYSICAL DESCRIPTION
Extent (e.g. Volumes, Pages etc.) 106 p .,
650 ## - SUBJECT ADDED ENTRY--TOPICAL TERM
Topical term or geographic name entry element Short Stories
942 ## - Koha item type (Biblio)
Koha item type Books in Stacks (Lending)

No items available.

© WERC Library